[Event "SV Heiden 1 - SK Münster 4"]
[Site "Verbandsliga 2018/2019"]
[Date "2018.11.03"]
[Round "3.1"]
[White "Jansen, Dirk"]
[Black "Wienen, Hermann"]
[Result "1/2-1/2"]
[WhiteElo "1962"]
[BlackElo "1934"]
[PlyCount "55"]
[EventDate "2018.??.??"]
[SourceDate "2018.09.09"]

1. c4 e5 2. Nc3 Nf6 3. Nf3 Nc6 4. d4 exd4 5. Nxd4 Nxd4 6. Qxd4 Be7 7. g3 O-O 8.
Bg2 c6 9. O-O Qa5 10. b3 Bc5 11. Qd3 d6 12. Bb2 Ba3 13. Bxa3 Qxa3 14. Rfd1 Rd8
15. Rd2 Be6 16. Rad1 Qa5 17. e4 Qh5 18. f3 Rd7 19. Qe3 Qe5 20. Rd3 Qc5 21. Qxc5
dxc5 22. Kf2 Rad8 23. Rxd7 Rxd7 24. Rxd7 Bxd7 25. e5 Ne8 26. Ne4 b6 27. Ke3 Kf8
28. f4 1/2-1/2

[Event "SV Heiden 1 - SK Münster 4"]
[Site "Verbandsliga 2018/2019"]
[Date "2018.11.03"]
[Round "3.2"]
[White "Berger, Alfred"]
[Black "Schulz, Stefan"]
[Result "1/2-1/2"]
[WhiteElo "1916"]
[BlackElo "1879"]
[PlyCount "73"]
[EventDate "2018.??.??"]
[SourceDate "2018.09.09"]

1. Nf3 Nf6 2. c4 c6 3. g3 d5 4. d4 g6 5. Bg2 Bg7 6. O-O O-O 7. Nbd2 Ne4 8. e3
f5 9. b3 Nd7 10. cxd5 cxd5 11. Bb2 b6 12. Qc2 Ba6 13. Rfc1 Rc8 14. Qd1 Rf6 15.
Bf1 Bxf1 16. Qxf1 Nxd2 17. Nxd2 Rfc6 18. Qb5 Rxc1+ 19. Rxc1 e6 20. Nf3 h6 21.
h4 Rxc1+ 22. Bxc1 Qc8 23. Bd2 a6 24. Qd3 Bf8 25. Qc3 Qxc3 26. Bxc3 b5 27. Ne5
Nxe5 28. dxe5 Kf7 29. Kf1 Ke8 30. Ke2 Kd7 31. Kd3 Kc6 32. b4 Be7 33. a3 a5 34.
f3 axb4 35. axb4 Bd8 36. Bd4 Be7 37. Kc3 1/2-1/2

[Event "SV Heiden 1 - SK Münster 4"]
[Site "Verbandsliga 2018/2019"]
[Date "2018.11.03"]
[Round "3.3"]
[White "Leder, Nils"]
[Black "Ehrlich, Hans-Georg"]
[Result "0-1"]
[WhiteElo "1876"]
[BlackElo "1812"]
[PlyCount "94"]
[EventDate "2018.??.??"]
[SourceDate "2018.09.09"]

1. c4 c6 2. g3 d5 3. Nf3 Nf6 4. Bg2 Bf5 5. Qb3 Qb6 6. d3 dxc4 7. Qxc4 Nbd7 8.
Qc2 Bg4 9. Nc3 Bxf3 10. Bxf3 e6 11. O-O a6 12. e4 Be7 13. Be3 Qa5 14. d4 O-O
15. a3 Qc7 16. e5 Ne8 17. Be4 g6 18. f4 Nb6 19. Rac1 Qd7 20. Rcd1 Nd5 21. Bc1
f5 22. Bg2 Ng7 23. h3 h5 24. g4 hxg4 25. hxg4 Kf7 26. Bf3 Rh8 27. Kg2 Rh4 28.
Rh1 fxg4 29. Be4 Nf5 30. Nxd5 cxd5 31. Bd3 Rah8 32. Rxh4 Rxh4 33. Qf2 Qd8 34.
Rh1 Rxh1 35. Kxh1 Qh8+ 36. Kg1 Qh3 37. Bf1 Qh4 38. Qxh4 Bxh4 39. Be2 g3 40. Kg2
Nxd4 41. Bg4 Nf5 42. Bd2 Be7 43. Kh3 Bc5 44. Bxf5 gxf5 45. Kxg3 Ke7 46. Kh4
Bf2+ 47. Kg5 d4 0-1

[Event "SV Heiden 1 - SK Münster 4"]
[Site "Verbandsliga 2018/2019"]
[Date "2018.11.03"]
[Round "3.4"]
[White "Sicking, Norbert"]
[Black "Spillmann, Peter"]
[Result "1/2-1/2"]
[WhiteElo "1799"]
[BlackElo "1881"]
[PlyCount "46"]
[EventDate "2018.??.??"]
[SourceDate "2018.09.09"]

1. d4 e6 2. g3 f5 3. Nf3 Nf6 4. Bg2 d5 5. b3 Bd6 6. O-O Qe7 7. Bb2 O-O 8. c4 c6
9. Nbd2 Nbd7 10. a4 a5 11. e3 Ne4 12. Qc1 b6 13. Ba3 Ba6 14. Re1 Bb4 15. Bf1
Rac8 16. Bxb4 Qxb4 17. Qc2 Qe7 18. Ne5 Nxe5 19. dxe5 Rfd8 20. Nxe4 dxe4 21.
Red1 c5 22. Be2 Rc7 23. Rxd8+ Qxd8 1/2-1/2

[Event "SV Heiden 1 - SK Münster 4"]
[Site "Verbandsliga 2018/2019"]
[Date "2018.11.03"]
[Round "3.5"]
[White "Voß, Andreas"]
[Black "Herdering, Martin"]
[Result "1-0"]
[WhiteElo "1848"]
[BlackElo "1819"]
[PlyCount "59"]
[EventDate "2018.??.??"]
[SourceDate "2018.09.09"]

1. d4 d5 2. c4 c6 3. Nc3 Nf6 4. Bg5 dxc4 5. a4 Qa5 6. Nf3 Ne4 7. Bd2 Nxd2 8.
Nxd2 Be6 9. e3 Nd7 10. Bxc4 Bxc4 11. Nxc4 Qa6 12. Qe2 Nb6 13. b3 e6 14. O-O Be7
15. Ne4 O-O 16. Qc2 Nxc4 17. bxc4 c5 18. d5 exd5 19. cxd5 Qg6 20. Qc4 b6 21.
Rad1 Rad8 22. Ng3 Rd7 23. e4 Bf6 24. f4 Bd4+ 25. Kh1 Rfd8 26. Nf5 Bf6 27. Rd3
Qh5 28. Rh3 Qg4 29. Rg3 Qh5 30. Qc2 1-0

[Event "SV Heiden 1 - SK Münster 4"]
[Site "Verbandsliga 2018/2019"]
[Date "2018.11.03"]
[Round "3.6"]
[White "Niewerth, Gerd"]
[Black "Schöpper, Oliver"]
[Result "1/2-1/2"]
[WhiteElo "1803"]
[BlackElo "1823"]
[PlyCount "27"]
[EventDate "2018.??.??"]
[SourceDate "2018.09.09"]

1. e4 Nf6 2. e5 Nd5 3. c4 Nb6 4. d4 d6 5. exd6 exd6 6. Bd3 Be7 7. Ne2 Nc6 8.
O-O Bg4 9. f3 Bh5 10. Nbc3 O-O 11. Be3 Re8 12. Bf2 Bg6 13. a3 Bf6 14. Bxg6
1/2-1/2

[Event "SV Heiden 1 - SK Münster 4"]
[Site "Verbandsliga 2018/2019"]
[Date "2018.11.03"]
[Round "3.7"]
[White "Vogenauer, Nikolas"]
[Black "Winzenhörlein, Thomas"]
[Result "1/2-1/2"]
[WhiteElo "1817"]
[BlackElo "1793"]
[PlyCount "71"]
[EventDate "2018.??.??"]
[SourceDate "2018.09.09"]

1. e4 d5 2. exd5 Nf6 3. d4 Nxd5 4. c4 Nb4 5. Qa4+ N8c6 6. d5 b5 7. cxb5 Bf5 8.
Na3 Qxd5 9. bxc6 Qe4+ 10. Be3 Nd3+ 11. Bxd3 Qxa4 12. Bxf5 Qa5+ 13. Ke2 Qxf5 14.
Nf3 e6 15. Rhc1 Bd6 16. Nd4 Qg4+ 17. Kf1 a6 18. h3 Qe4 19. Nc4 Bf4 20. Nf3 O-O
21. Bxf4 Qxf4 22. Nce5 Rfb8 23. b3 Rb5 24. Rc4 Qf6 25. Re1 a5 26. g3 Qe7 27.
Kg2 Rb4 28. Rc2 a4 29. Rd1 f6 30. Rd7 Qe8 31. Nd3 axb3 32. axb3 Rxb3 33. Nf4
Rc8 34. Nd4 e5 35. Nxb3 exf4 36. Nd4 1/2-1/2

[Event "SV Heiden 1 - SK Münster 4"]
[Site "Verbandsliga 2018/2019"]
[Date "2018.11.03"]
[Round "3.8"]
[White "Wienen, Josef"]
[Black "Stumpe, Danny"]
[Result "1/2-1/2"]
[WhiteElo "1623"]
[BlackElo "1673"]
[PlyCount "63"]
[EventDate "2018.??.??"]
[SourceDate "2018.09.09"]

1. c4 g6 2. Nc3 Bg7 3. g3 Nf6 4. Bg2 Nc6 5. Nf3 e5 6. e4 O-O 7. O-O Re8 8. Re1
a6 9. d3 Rb8 10. a4 Nb4 11. a5 b6 12. axb6 Rxb6 13. Be3 Rb8 14. Qd2 Ng4 15. Nd5
Nc6 16. Re2 Ne7 17. Bc5 d6 18. Ba3 c6 19. Nxe7+ Rxe7 20. h3 Nf6 21. d4 Rd7 22.
dxe5 dxe5 23. Qc3 Ne8 24. Qe3 Bb7 25. Qc5 Qc7 26. h4 h5 27. Bh3 Rd3 28. Kg2
Rbd8 29. Rae1 f6 30. Re3 Qf7 31. Qb6 Qc7 32. Be6+ 1/2-1/2

[Event "TV Borken 1 - SF Beelen 1"]
[Site "Verbandsliga 2018/2019"]
[Date "2018.11.03"]
[Round "3.1"]
[White "Henke, Wolfgang"]
[Black "Schulze-Schwering, Philipp"]
[Result "0-1"]
[WhiteElo "1795"]
[BlackElo "2063"]
[PlyCount "118"]
[EventDate "2018.??.??"]
[SourceDate "2018.09.09"]

1. e4 c6 2. d4 d5 3. Nc3 dxe4 4. Nxe4 Nd7 5. Bd3 Ngf6 6. Ng5 Nb6 7. N1f3 Bg4 8.
h3 Bxf3 9. Nxf3 e6 10. O-O Bd6 11. Re1 O-O 12. Bg5 Nbd7 13. Ne5 Be7 14. Qf3 Re8
15. Re2 Nf8 16. c3 a6 17. Rae1 Qd5 18. a3 Qxf3 19. Nxf3 Rac8 20. Bc2 Red8 21.
Ne5 N8d7 22. f4 Nxe5 23. Rxe5 h6 24. Bh4 Nd5 25. Bxe7 Nxe7 26. f5 Nxf5 27. Bxf5
exf5 28. Rxf5 Kf8 29. Kf2 f6 30. Rf3 c5 31. dxc5 Rxc5 32. Re2 Rd7 33. Rfe3 Rf5+
34. Rf3 Rfd5 35. Rfe3 Kf7 36. Kf3 h5 37. g3 Rd3 38. Kf2 Rxe3 39. Kxe3 Re7+ 40.
Kf3 Rxe2 41. Kxe2 Ke6 42. Kd3 Ke5 43. c4 a5 44. b4 a4 45. Ke3 b6 46. Kd3 g5 47.
Ke3 f5 48. Kd3 h4 49. gxh4 gxh4 50. Ke3 f4+ 51. Kf3 Kd4 52. c5 bxc5 53. bxc5
Kxc5 54. Kxf4 Kd4 55. Kf3 Kd3 56. Kf4 Kc3 57. Ke3 Kb3 58. Kd3 Kxa3 59. Kc3 Ka2
0-1

[Event "TV Borken 1 - SF Beelen 1"]
[Site "Verbandsliga 2018/2019"]
[Date "2018.11.03"]
[Round "3.2"]
[White "Beckmann, David"]
[Black "Hofene, Dieter"]
[Result "1/2-1/2"]
[WhiteElo "2034"]
[BlackElo "1994"]
[PlyCount "69"]
[EventDate "2018.??.??"]
[SourceDate "2018.09.09"]

1. Nf3 Nf6 2. d4 d6 3. g3 Nbd7 4. Bg2 e5 5. dxe5 dxe5 6. O-O Be7 7. c4 O-O 8.
Nc3 c6 9. Qc2 Qc7 10. Rd1 Re8 11. Bg5 a5 12. Na4 h6 13. Bd2 Nc5 14. Bc3 Bf8 15.
Nxc5 Bxc5 16. e3 Bg4 17. Re1 Rad8 18. a3 Bf8 19. b4 axb4 20. axb4 Bh5 21. Qb2
Nd7 22. Ra5 f6 23. Qa2 Bf7 24. Bf1 Nb6 25. Nd2 Ra8 26. Rxa8 Rxa8 27. Qb3 Qd8
28. Rc1 Na4 29. Nb1 Nxc3 30. Qxc3 Ra4 31. c5 b5 32. Nd2 Bd5 33. Bg2 Bxg2 34.
Kxg2 Qd5+ 35. e4 1/2-1/2

[Event "TV Borken 1 - SF Beelen 1"]
[Site "Verbandsliga 2018/2019"]
[Date "2018.11.03"]
[Round "3.3"]
[White "Hanewinkel, Winfried"]
[Black "Schroer, Klaus"]
[Result "0-1"]
[WhiteElo "1924"]
[BlackElo "2017"]
[PlyCount "94"]
[EventDate "2018.??.??"]
[SourceDate "2018.09.09"]

1. d4 d5 2. c4 e6 3. Nc3 c6 4. e3 Nf6 5. Nf3 Nbd7 6. Bd3 dxc4 7. Bxc4 b5 8. Bd3
Bb7 9. O-O a6 10. Qe2 c5 11. dxc5 Nxc5 12. Bc2 Rc8 13. Rd1 Qc7 14. a3 Nce4 15.
Bxe4 Nxe4 16. Nxe4 Bxe4 17. Bd2 Qb7 18. Ba5 Be7 19. Ne1 O-O 20. Rd2 Bf6 21.
Rad1 Bd5 22. Nf3 Bb3 23. Re1 Bc4 24. Qd1 Bd5 25. Qe2 Rc4 26. Red1 Rfc8 27. Ne1
Rc1 28. Bc3 Rxd1 29. Qxd1 Bxc3 30. bxc3 h6 31. Qa1 Qc6 32. Rc2 Be4 33. Rc1 Qc5
34. Qb2 a5 35. Qd2 Qxa3 36. f3 Bd5 37. e4 Qc5+ 38. Kh1 Bc4 39. h3 e5 40. Nc2
Be6 41. Ne3 a4 42. Nd5 Bxd5 43. exd5 b4 44. Qa2 b3 45. Qxa4 b2 46. Rb1 Qxc3 47.
Qe4 Rc4 0-1

[Event "TV Borken 1 - SF Beelen 1"]
[Site "Verbandsliga 2018/2019"]
[Date "2018.11.03"]
[Round "3.4"]
[White "Vijayakumaran, Vithoosan"]
[Black "Cigelski, Rudolf"]
[Result "0-1"]
[WhiteElo "1772"]
[BlackElo "1824"]
[PlyCount "94"]
[EventDate "2018.??.??"]
[SourceDate "2018.09.09"]

1. d4 d5 2. c4 Nc6 3. Nf3 Bg4 4. Ne5 Nxe5 5. dxe5 e6 6. h3 Bf5 7. Qb3 b6 8. Nd2
c5 9. g4 Bg6 10. Bg2 Ne7 11. f4 h5 12. f5 Bh7 13. f6 gxf6 14. exf6 Nc6 15. cxd5
Nd4 16. Qa4+ b5 17. Qa6 Nc2+ 18. Kf2 Bd6 19. Nf3 Qb6 20. Qxb6 axb6 21. dxe6
Nxa1 22. Rd1 O-O-O 23. Bd2 Nc2 24. e7 Bxe7 25. fxe7 Rd7 26. Bc3 Re8 27. Rxd7
Kxd7 28. Bf6 Ke6 29. g5 Nb4 30. h4 Nd5 31. Be5 Rxe7 32. Bg3 Ra7 33. a3 b4 34.
axb4 Nxb4 35. Ne5 Ra2 36. Nc4 b5 37. Bh3+ Kd5 38. Nd6 Bg6 39. Bg2+ Ke6 40. Nxb5
Rxb2 41. Nc7+ Kd7 42. Nb5 Nd3+ 43. Ke3 Nc1 44. Nc3 Rb3 45. Be5 Na2 46. Kd2 Nb4
47. e4 Rb2+ 0-1

[Event "TV Borken 1 - SF Beelen 1"]
[Site "Verbandsliga 2018/2019"]
[Date "2018.11.03"]
[Round "3.5"]
[White "Hanewinkel, Martin"]
[Black "Klugstedt, Vincent C."]
[Result "0-1"]
[WhiteElo "1836"]
[BlackElo "1864"]
[PlyCount "82"]
[EventDate "2018.??.??"]
[SourceDate "2018.09.09"]

1. d4 Nf6 2. Nf3 d5 3. Bf4 c5 4. e3 Nc6 5. c3 Qb6 6. Qb3 c4 7. Qxb6 axb6 8. Na3
Na7 9. Be2 e5 10. dxe5 Bxa3 11. bxa3 Ne4 12. O-O Nb5 13. Nd4 Nbxc3 14. f3 Nc5
15. Rfc1 Rxa3 16. Rxc3 Rxc3 17. Nb5 Rc2 18. Nc7+ Kd8 19. Bd1 Rd2 20. Nb5 Ne6
21. Bg3 Ke7 22. Be1 Rd3 23. Kf2 d4 24. Bb4+ Kd7 25. exd4 Nxd4 26. Ba4 Nc6 27.
Bd6 Rd2+ 28. Kg3 h5 29. f4 h4+ 30. Kf3 h3 31. f5 hxg2 32. Re1 Rh3+ 33. Kg4 Re3
34. Rg1 Rxa2 35. Kf4 Rd3 36. Bd1 Rxd1 37. Rxd1 Rf2+ 38. Kg3 Rf1 39. e6+ fxe6
40. fxe6+ Kxe6 41. Nc7+ Kf7 0-1

[Event "TV Borken 1 - SF Beelen 1"]
[Site "Verbandsliga 2018/2019"]
[Date "2018.11.03"]
[Round "3.6"]
[White "Wagner, Nils-Frederic"]
[Black "Austermann, Reinhold"]
[Result "1/2-1/2"]
[WhiteElo "1665"]
[BlackElo "1810"]
[PlyCount "86"]
[EventDate "2018.??.??"]
[SourceDate "2018.09.09"]

1. c4 c6 2. g3 d5 3. cxd5 cxd5 4. d4 Nf6 5. Nf3 Nc6 6. Bg2 e6 7. O-O Bd6 8. Nc3
a6 9. a3 Bd7 10. b4 b5 11. Bb2 O-O 12. Rc1 Rc8 13. e3 Qb6 14. Qe2 Rfe8 15. Rfd1
h6 16. Ne1 Ne7 17. Nd3 Rc7 18. Nc5 Bc8 19. h4 e5 20. dxe5 Bxe5 21. Nxb5 axb5
22. Bxe5 Rc6 23. Bb2 Qb8 24. Rd2 Bf5 25. Bf1 Rb6 26. Bd4 Bg4 27. Qd3 Bf5 28.
Qb3 Nh5 29. Nd3 Re6 30. Rc5 Be4 31. Nf4 Nxf4 32. exf4 Rb6 33. Be5 Qb7 34. Rc7
Qa6 35. Bd4 Rb7 36. Rc5 Ra8 37. Bb2 Nf5 38. Bg2 Nd6 39. Qc3 f6 40. Rc6 Rb6 41.
Rxb6 Qxb6 42. Bf1 Nc4 43. Bxc4 dxc4 1/2-1/2

[Event "TV Borken 1 - SF Beelen 1"]
[Site "Verbandsliga 2018/2019"]
[Date "2018.11.03"]
[Round "3.7"]
[White "Fartmann, Franz-Josef"]
[Black "Klüppel, Ralf"]
[Result "1/2-1/2"]
[WhiteElo "1782"]
[BlackElo "1734"]
[PlyCount "26"]
[EventDate "2018.??.??"]
[SourceDate "2018.09.09"]

1. Nf3 d5 2. g3 g6 3. Bg2 Bg7 4. O-O Nf6 5. d3 O-O 6. c3 c5 7. Nbd2 Nc6 8. Rb1
Bf5 9. Nh4 Be6 10. a3 Qc8 11. Re1 Bh3 12. Bh1 e5 13. e4 Be6 1/2-1/2

[Event "TV Borken 1 - SF Beelen 1"]
[Site "Verbandsliga 2018/2019"]
[Date "2018.11.03"]
[Round "3.8"]
[White "Schmidt, Sebastian"]
[Black "Hofene, Josef"]
[Result "1/2-1/2"]
[WhiteElo "1460"]
[BlackElo "1770"]
[PlyCount "25"]
[EventDate "2018.??.??"]
[SourceDate "2018.09.09"]

1. e4 e6 2. Nf3 d5 3. exd5 exd5 4. d4 Nf6 5. Bf4 Bd6 6. Bxd6 Qxd6 7. Nc3 O-O 8.
Be2 c6 9. O-O Bf5 10. h3 h6 11. Bd3 Bxd3 12. Qxd3 Nbd7 13. Rfe1 1/2-1/2

[Event "SF Telgte 1 - SK Metelen 1"]
[Site "Verbandsliga 2018/2019"]
[Date "2018.11.03"]
[Round "3.1"]
[White "Koch, Alexander"]
[Black "Stöckmann, Helmut"]
[Result "1/2-1/2"]
[WhiteElo "2000"]
[BlackElo "1981"]
[PlyCount "93"]
[EventDate "2018.??.??"]
[SourceDate "2018.09.09"]

1. e4 c5 2. Nc3 Nc6 3. f4 g6 4. Nf3 Bg7 5. Bc4 d6 6. O-O Nf6 7. d3 O-O 8. Qe1
Na5 9. e5 Ne8 10. e6 Nxc4 11. exf7+ Rxf7 12. dxc4 Qd7 13. Rf2 e6 14. Re2 Nc7
15. Be3 b6 16. Rd1 Qc6 17. Ng5 Rd7 18. Bc1 Bb7 19. Nb5 e5 20. Nxc7 Rxc7 21. Ne6
Re7 22. Nxg7 Kxg7 23. Qh4 Rf7 24. fxe5 Re8 25. Bh6+ Kg8 26. Rxd6 Qc7 27. Red2
Rfe7 28. Bf4 Qc8 29. Rf6 Be4 30. b3 Qa6 31. a4 Qa5 32. Qe1 Bf5 33. Kf2 Qc3 34.
Qe3 Qb2 35. h3 Qb1 36. Qe2 Qa1 37. g4 Bc8 38. Rdd6 Bb7 39. Qd1 Qa3 40. Qd3 Qa1
41. Rxg6+ Kh8 42. Rh6 Qh1 43. Rd8 Qg2+ 44. Ke1 Be4 45. Rxe8+ Rxe8 46. Qe2 Qg1+
47. Kd2 1/2-1/2

[Event "SF Telgte 1 - SK Metelen 1"]
[Site "Verbandsliga 2018/2019"]
[Date "2018.11.03"]
[Round "3.3"]
[White "Grotenhuis, Gerard"]
[Black "Kuhlenbäumer, Willi"]
[Result "1-0"]
[WhiteElo "1904"]
[BlackElo "1922"]
[PlyCount "67"]
[EventDate "2018.??.??"]
[SourceDate "2018.09.09"]

1. b3 Nf6 2. Bb2 d5 3. e3 Nc6 4. Bb5 a6 5. Bxc6+ bxc6 6. f4 Bb7 7. Nf3 e6 8.
O-O c5 9. Ne5 d4 10. Na3 Be7 11. Nac4 a5 12. a4 O-O 13. d3 dxe3 14. Nxe3 Nd5
15. Rf3 f6 16. N5c4 Bd6 17. Nxd6 Qxd6 18. Nc4 Qd7 19. Qd2 Ne7 20. Rg3 Nf5 21.
Rh3 Qd5 22. Re1 Rfe8 23. Bc3 Nd4 24. Nxa5 Bc8 25. Nc4 e5 26. Rhe3 Ra6 27. fxe5
f5 28. Rg3 Rf8 29. Bxd4 cxd4 30. Qf4 c5 31. Nd6 Bd7 32. h4 Qe6 33. Rf1 Re8 34.
Nxe8 1-0

[Event "SF Telgte 1 - SK Metelen 1"]
[Site "Verbandsliga 2018/2019"]
[Date "2018.11.03"]
[Round "3.4"]
[White "Esser, Peter"]
[Black "Zachej, Arne"]
[Result "1/2-1/2"]
[WhiteElo "1770"]
[BlackElo "1834"]
[PlyCount "71"]
[EventDate "2018.??.??"]
[SourceDate "2018.09.09"]

1. d4 Nf6 2. c4 e6 3. Nc3 d5 4. cxd5 exd5 5. Bg5 c6 6. Qc2 Na6 7. a3 Be7 8. e3
O-O 9. Bd3 Re8 10. Nf3 h6 11. Bh4 Nc7 12. O-O a5 13. Bxf6 Bxf6 14. b4 axb4 15.
axb4 Rxa1 16. Rxa1 Qd6 17. Qb3 b5 18. Ne1 Na6 19. Nc2 Bd8 20. Nxb5 cxb5 21.
Bxb5 Rf8 22. Bxa6 Bxa6 23. b5 Bb7 24. Nb4 Be7 25. Nd3 Qb6 26. Ne5 Ra8 27. Rxa8+
Bxa8 28. g3 f6 29. Qa4 Bb7 30. Nc6 Bd6 31. f3 Kf7 32. e4 Be5 33. Kg2 Bxc6 34.
bxc6 Bxd4 35. c7 Qxc7 36. Qxd4 1/2-1/2

[Event "SF Telgte 1 - SK Metelen 1"]
[Site "Verbandsliga 2018/2019"]
[Date "2018.11.03"]
[Round "3.5"]
[White "Wigger, Frank"]
[Black "Kuhlenbäumer, Alfred"]
[Result "1-0"]
[WhiteElo "1812"]
[BlackElo "1827"]
[PlyCount "63"]
[EventDate "2018.??.??"]
[SourceDate "2018.09.09"]

1. e4 c6 2. d4 d5 3. e5 Bf5 4. Nf3 e6 5. Be2 Nd7 6. O-O c5 7. c4 Ne7 8. Na3 Nc6
9. Bg5 Qa5 10. Nb5 a6 11. Nc3 h6 12. Be3 dxc4 13. Bxc4 b5 14. Bb3 Rd8 15. Nh4
Bh7 16. Bxe6 Ndxe5 17. Qe2 fxe6 18. dxe5 Qc7 19. Qg4 Qf7 20. f4 Nd4 21. Bxd4
cxd4 22. f5 dxc3 23. fxe6 Qa7+ 24. Kh1 g6 25. Nxg6 Qg7 26. Rf6 Be7 27. Qh5 Bxf6
28. Nxh8+ Kf8 29. Rf1 cxb2 30. exf6 Qc7 31. e7+ Kg8 32. Qf7+ 1-0

[Event "SF Telgte 1 - SK Metelen 1"]
[Site "Verbandsliga 2018/2019"]
[Date "2018.11.03"]
[Round "3.6"]
[White "Pohl, Detlev"]
[Black "Bückers, Bernhard"]
[Result "1-0"]
[WhiteElo "1821"]
[BlackElo "1625"]
[PlyCount "53"]
[EventDate "2018.??.??"]
[SourceDate "2018.09.09"]

1. e4 c5 2. Nf3 d6 3. Bb5+ Bd7 4. Bxd7+ Nxd7 5. c4 g6 6. Nc3 Bg7 7. d3 Ngf6 8.
O-O O-O 9. h3 a6 10. Be3 e6 11. d4 Qc7 12. d5 e5 13. Qd2 Rab8 14. a4 Rfe8 15.
g4 Qc8 16. Nh2 b6 17. f3 Rb7 18. Rf2 Qd8 19. Nf1 Nf8 20. Ng3 N6d7 21. Kg2 f6
22. h4 Nb8 23. Rh1 Rf7 24. f4 Nbd7 25. f5 Bh8 26. g5 Qc7 27. Rhf1 1-0

[Event "SF Telgte 1 - SK Metelen 1"]
[Site "Verbandsliga 2018/2019"]
[Date "2018.11.03"]
[Round "3.7"]
[White "Gravenkötter, Christian"]
[Black "Dieckmann, Werner"]
[Result "0-1"]
[WhiteElo "1719"]
[BlackElo "1769"]
[PlyCount "98"]
[EventDate "2018.??.??"]
[SourceDate "2018.09.09"]

1. e4 e5 2. Nf3 Nc6 3. Bc4 d6 4. d3 Be7 5. c3 Na5 6. Bb3 Nxb3 7. axb3 Nf6 8. h3
c5 9. c4 O-O 10. O-O Bd7 11. Nc3 a6 12. Bg5 h6 13. Bxf6 Bxf6 14. Nd5 Be6 15.
Nxf6+ Qxf6 16. Nh2 Qg6 17. g4 f5 18. f3 fxg4 19. fxg4 h5 20. Qe2 hxg4 21. hxg4
Qh6 22. Rxf8+ Rxf8 23. Rf1 Rf4 24. Rxf4 Qxf4 25. Kg2 Qg5 26. Kh3 Qh6+ 27. Kg2
Qf4 28. Kh3 Qh6+ 29. Kg2 Qf4 30. Kh3 Bd7 31. Nf1 Bxg4+ 32. Qxg4 Qxf1+ 33. Kh4
Qh1+ 34. Kg3 Qg1+ 35. Kh4 Qh2+ 36. Qh3 Qxh3+ 37. Kxh3 Kh7 38. Kg4 Kg6 39. Kh4
Kf6 40. Kg4 b5 41. Kh4 g5+ 42. Kh5 b4 43. Kg4 Kg6 44. Kf3 Kh5 45. Kg2 g4 46.
Kf2 Kh4 47. Kg2 g3 48. Kg1 Kg4 49. Kg2 Kf4 0-1

[Event "SF Telgte 1 - SK Metelen 1"]
[Site "Verbandsliga 2018/2019"]
[Date "2018.11.03"]
[Round "3.8"]
[White "Stephan, Matthias"]
[Black "Knocks, Elmar"]
[Result "0-1"]
[WhiteElo "1587"]
[BlackElo "1660"]
[PlyCount "83"]
[EventDate "2018.??.??"]
[SourceDate "2018.09.09"]

1. d4 Nf6 2. c4 e5 3. d5 Bc5 4. Nc3 d6 5. Bg5 Bxf2+ 6. Kxf2 Ng4+ 7. Ke1 Qxg5 8.
e4 f5 9. Nf3 Qe3+ 10. Qe2 fxe4 11. Nxe4 Bf5 12. Nfd2 O-O 13. h3 Bxe4 14. Nxe4
Qxe2+ 15. Bxe2 Ne3 16. Kd2 Nxg2 17. Rhg1 Nf4 18. Bg4 Na6 19. Ng5 Nc5 20. b4 h6
21. Nf3 Ne4+ 22. Ke3 Ng5 23. Nxg5 hxg5 24. Ke4 Rf6 25. Bf5 g6 26. Rxg5 Rxf5 27.
Rxg6+ Nxg6 28. Kxf5 Kg7 29. Rg1 Rf8+ 30. Kg5 Nf4 31. Rg3 Rf6 32. Rc3 Rg6+ 33.
Kf5 Rh6 34. Kg4 Kg6 35. c5 Nxd5 36. Ra3 a6 37. cxd6 cxd6 38. Rd3 Nf6+ 39. Kg3
Ne4+ 40. Kf3 Rxh3+ 41. Kxe4 Rxd3 42. Kxd3 0-1

[Event "SG Turm Raesfeld/Erle 2 - SK Gescher 1"]
[Site "Verbandsliga 2018/2019"]
[Date "2018.11.03"]
[Round "3.1"]
[White "Scho, Christian"]
[Black "Pliete, Christian"]
[Result "1-0"]
[WhiteElo "2041"]
[BlackElo "1826"]
[PlyCount "95"]
[EventDate "2018.??.??"]
[SourceDate "2018.09.09"]

1. d4 Nf6 2. Nc3 c5 3. d5 e6 4. e4 exd5 5. e5 Ng8 6. Qxd5 Ne7 7. Qxc5 Ng6 8.
Qe3 Be7 9. f4 O-O 10. Bd2 Re8 11. O-O-O d6 12. exd6 Bxd6 13. Qf3 Bc5 14. Bb5
Nd7 15. Nge2 a6 16. Bd3 Nf6 17. h3 Nh4 18. Qf1 Nf5 19. g4 Ne3 20. Bxe3 Bxe3+
21. Kb1 Qa5 22. g5 Nd7 23. Nd5 Bc5 24. Qf3 Bf8 25. Rdg1 g6 26. h4 Bg7 27. h5
Nf8 28. hxg6 fxg6 29. f5 Bxf5 30. Nf6+ Bxf6 31. gxf6 Be6 32. Nc3 Rac8 33. Rf1
Rc7 34. Qf4 Rf7 35. a3 Qc7 36. Qg5 Bc4 37. Bxc4 Qxc4 38. Rf4 Qc6 39. Qh4 Re6
40. Ne4 Rc7 41. Rh2 Rd7 42. f7+ Rxf7 43. Rxf7 Kxf7 44. Ng5+ Ke8 45. Nxe6 Qxe6
46. Rh1 Kd7 47. Rd1+ Kc6 48. Qd8 1-0

[Event "SG Turm Raesfeld/Erle 2 - SK Gescher 1"]
[Site "Verbandsliga 2018/2019"]
[Date "2018.11.03"]
[Round "3.2"]
[White "Brömmel, Chris"]
[Black "Eißing, Christoph"]
[Result "1/2-1/2"]
[WhiteElo "1797"]
[BlackElo "2005"]
[PlyCount "42"]
[EventDate "2018.??.??"]
[SourceDate "2018.09.09"]

1. e4 c6 2. d4 d5 3. exd5 cxd5 4. c4 Nf6 5. Nc3 Nc6 6. Nf3 Bg4 7. Be3 e6 8.
cxd5 Nxd5 9. Be2 Bb4 10. Rc1 O-O 11. O-O Ba5 12. Ne5 Nxe3 13. fxe3 Nxe5 14.
Bxg4 Nc4 15. Qe2 Rc8 16. Bf3 Qg5 17. Rfe1 b5 18. Ne4 Qh6 19. Nc3 a6 20. Bb7 Rb8
21. Bxa6 Nd6 1/2-1/2

[Event "SG Turm Raesfeld/Erle 2 - SK Gescher 1"]
[Site "Verbandsliga 2018/2019"]
[Date "2018.11.03"]
[Round "3.3"]
[White "Lanfer, Stefan"]
[Black "Kadenbach, Wolfgang"]
[Result "0-1"]
[WhiteElo "1819"]
[BlackElo "1733"]
[PlyCount "76"]
[EventDate "2018.??.??"]
[SourceDate "2018.09.09"]

1. c4 Nf6 2. Nc3 g6 3. d4 c5 4. d5 e6 5. Bg5 exd5 6. cxd5 d6 7. e4 Bg7 8. Bd3
O-O 9. Nge2 Re8 10. O-O a6 11. a4 Nbd7 12. Kh1 h6 13. Bh4 g5 14. Bg3 Qe7 15. f3
Nh5 16. Bf2 Ne5 17. Be3 Bd7 18. Qd2 Rab8 19. a5 b5 20. g4 Nf4 21. Nxf4 gxf4 22.
Bxf4 Nxd3 23. Qxd3 b4 24. Ne2 Bxb2 25. Rab1 Bg7 26. Qd2 Kh7 27. g5 Be5 28. gxh6
Rg8 29. Bxe5 Qxe5 30. f4 Qe7 31. e5 Bf5 32. Rbe1 Rbe8 33. Ng3 Bd7 34. Ne4 Rg6
35. exd6 Qh4 36. Nxc5 Bh3 37. Qf2 Bg2+ 38. Kg1 Bxd5+ 0-1

[Event "SG Turm Raesfeld/Erle 2 - SK Gescher 1"]
[Site "Verbandsliga 2018/2019"]
[Date "2018.11.03"]
[Round "3.4"]
[White "Fasselt, Hendrik"]
[Black "Lanfer, Stefanie"]
[Result "1/2-1/2"]
[WhiteElo "1826"]
[BlackElo "1858"]
[PlyCount "46"]
[EventDate "2018.??.??"]
[SourceDate "2018.09.09"]

1. b3 d5 2. Bb2 Bg4 3. Nf3 Nd7 4. e3 Ngf6 5. Be2 e6 6. O-O Bd6 7. d3 O-O 8.
Nbd2 c6 9. e4 Bxf3 10. Bxf3 Qe7 11. h3 e5 12. d4 dxe4 13. Nxe4 Nxe4 14. Bxe4 f5
15. dxe5 Bxe5 16. Bxe5 Nxe5 17. Bd3 Rad8 18. Qe2 Nxd3 19. cxd3 Rfe8 20. Qf3 Qd7
21. Rfe1 Rxe1+ 22. Rxe1 g6 23. Re3 Re8 1/2-1/2

[Event "SG Turm Raesfeld/Erle 2 - SK Gescher 1"]
[Site "Verbandsliga 2018/2019"]
[Date "2018.11.03"]
[Round "3.5"]
[White "Iking, Bernhard"]
[Black "Tünte, Marcel"]
[Result "1/2-1/2"]
[WhiteElo "1760"]
[BlackElo "1788"]
[PlyCount "61"]
[EventDate "2018.??.??"]
[SourceDate "2018.09.09"]

1. d4 d5 2. c4 e6 3. Nc3 Nf6 4. Bg5 Be7 5. e3 O-O 6. Nf3 c6 7. Qc2 h6 8. Bh4
Nbd7 9. Be2 dxc4 10. Bxc4 Nd5 11. Bxe7 Qxe7 12. O-O N7b6 13. Be2 e5 14. Rad1
exd4 15. Nxd4 Nf6 16. h3 Be6 17. Nxe6 Qxe6 18. Rd4 Rfd8 19. Rfd1 Qe7 20. Qd3
Re8 21. Qf5 Qe5 22. Qxe5 Rxe5 23. Bf3 Kf8 24. b4 a6 25. a4 Ke7 26. a5 Nbd7 27.
Bg4 Nf8 28. Bf3 Ne6 29. R4d2 Nc7 30. Be2 Ncd5 31. Nxd5+ 1/2-1/2